000 00355nam a22001337a 4500
005 20250901165819.0
008 250408b |||||||| |||| 00| 0 eng d
020 _a9780748740604
050 _aPR 6069 .S95 1993
245 _aSUPER SCRIPTS
_bSTONE COLD
_cSWINDELLS ROBERT
260 _aUNITED KINGDOM
_bNELSON THORNES LTD
_c1993
300 _a96
942 _2lcc
999 _c9554
_d9554